Estatísticas para Equipes do Campeonato Mineiro de 2020 - Módulo 1

Clique aqui para jogar o quiz

Estatísticas Gerais

  • Esse quiz foi jogado 20 vezes
  • A pontuação média é 10 de 12

Estatísticas das Respostas

CidadeEstádioEquipe% Correto
Belo HorizonteIndependênciaAtlético
100%
Poços de CaldasRonaldãoCaldense
100%
Belo HorizonteMineirãoCruzeiro
100%
TombosAlmeidãoTombense
100%
Belo HorizonteIndependênciaAmérica
93%
PatrocínioPedro AlvesPatrocinense
93%
UberlândiaParque do SabiáUberlândia
93%
VarginhaMelãoBoa Esporte
87%
Patos de MinasZamãoURT
87%
Nova LimaCastor CifuentesVilla Nova
80%
Juiz de ForaMário HelênioTupynambás
53%
Sete LagoasArena do JacaréCoimbra
40%

Distribuição das Pontuações

Percentil de Números Respondidos

Porcentagem de Pessoas com Cada Pontuação

Sua Pontuação Histórica

Você não jogou esse quiz